000 00571nam a2200181 i 4500
001 58873
003 ES-MaACL
005 20251206063030.0
007 t|
008 031024s1967 sp ||||1| spa d
100 0 _aEchevarría Bravo, Pedro
_946558
245 1 0 _aCancionero de los peregrinos de Santiago /
_cPedro Echevarría Bravo.
260 _aMadrid :
_bCentro de Estudios Jacobeos,
_c1967.
300 _aXX, 187 p., 13 lám. ;
_c21 cm.
710 2 _aCentro de Estudios Jacobeos.
_92652
852 _aES-MaACL
_jC-34202
_bR.64254
999 _c58873
_d58873